[Event "Sparkassen Chess Trophy 2024 A-Open"]
[Site "Dortmund"]
[Date "2024.08.16"]
[Round "7"]
[White "Beisteiner, Joachim"]
[Black "Gallasch, Jonas"]
[Result "1/2-1/2"]
[WhiteElo "2089"]
[BlackElo "2260"]
[PlyCount "146"]
[EventDate "2024.08.10"]

1. e4 c6 2. d4 d5 3. e5 Bf5 4. Nf3 e6 5. Be2 Nd7 6. O-O a5 7. a4 f6 8. Bf4 g5 9. Be3 Bg7 10. exf6 Bxf6 11. c4 h6 12. Ne1 Ne7 13. Bh5+ Kf8 14. Nd2 Kg7 15. Ra3 e5 16. dxe5 Nxe5 17. Nef3 Nxf3+ 18. Nxf3 dxc4 19. Bd4 Ng6 20. Bxf6+ Qxf6 21. Bxg6 Kxg6 22. Re3 Rhe8 23. Qe1 Rxe3 24. Qxe3 b5 25. g4 Bc2 26. Ne5+ Kg7 27. Nd7 Qg6 28. Qd4+ Kg8 29. axb5 Qd3 30. Nf6+ Kf7 31. Qe5 Qf3 32. Nh5 Qxg4+ 33. Ng3 Qe6 34. Qc7+ Kg6 35. bxc6 Ba4 36. Qb6 Bxc6 37. Rd1 Rf8 38. Qxa5 Qf6 39. Qd2 h5 40. Qd6 h4 41. Nf1 Kh5 42. Qxf6 Rxf6 43. Ne3 Rf4 44. Rc1 Bb5 45. Rc3 h3 46. b3 cxb3 47. Rxb3 Bc6 48. Rb1 Ra4 49. Rc1 Bf3 50. Nf1 Kg6 51. Re1 Kf5 52. Ng3+ Kf4 53. Nf1 Ra2 54. Ng3 Rb2 55. Nf1 Be2 56. Ng3 Bd3 57. Nf1 Rb1 58. Rxb1 Bxb1 59. Nd2 Bd3 60. Kh1 Be2 61. Kg1 g4 62. Nf1 Ke4 63. Ng3+ Kd3 64. Nh1 Bf3 65. Ng3 Kd2 66. Nf1+ Ke1 67. Ng3 Bg2 68. Nf5 Bf1 69. Ng3 Bd3 70. Nh5 Be4 71. Ng3 Bd3 72. Nh5 Be4 73. Ng3 Bd3 {erfasst durch pgnApp - www.pgn-app.com} 1/2-1/2

[Event "Sparkassen Chess Trophy 2024 A-Open"]
[Site "Dortmund"]
[Date "2024.08.16"]
[Round "7"]
[White "Boehme, Markus"]
[Black "Bashirov, Kemal"]
[Result "1/2-1/2"]
[WhiteElo "2138"]
[BlackElo "2339"]
[PlyCount "27"]
[EventDate "2024.08.10"]

1. Nf3 Nf6 2. g3 d5 3. Bg2 c5 4. O-O Nc6 5. d4 cxd4 6. Nxd4 e6 7. c4 Bc5 8. Nb3 Be7 9. Nc3 dxc4 10. Qxd8+ Bxd8 11. Nd2 Na5 12. b3 cxb3 13. Ba3 Bd7 14. axb3 {erfasst durch pgnApp - www.pgn-app.com} 1/2-1/2